| 000 | 00986nam a2200253 a 4500 | ||
|---|---|---|---|
| 001 | 000020985 | ||
| 005 | 20240305073653.0 | ||
| 008 | 100825s1985 dr 000 0 spa d | ||
| 040 |
_aDO-SdBNP _bspa _cBNPHU |
||
| 082 |
_a923.57293 _bG633r, 1985 |
||
| 100 | 1 |
_aRodríguez Demorizi, Emilio, _d1908-1986 _91039 |
|
| 245 | 1 | 0 |
_aPapeles dominicanos de Máximo Gómez / _cEmilio Rodríguez Demorizi. |
| 250 | _a2a. ed. | ||
| 260 |
_aSanto Domingo : _bCorripio, _c1985. |
||
| 300 |
_a446 p. ; _c25 cm. |
||
| 490 | 1 |
_aFundación Rodríguez Demorizi _v23 |
|
| 500 | _aIncluye fascímil de portada de la edición publicada: Ciudad Trujillo, República Dominicana: Montalvo, 1954. | ||
| 500 | _aIncluye índice de personas y lugares | ||
| 504 | _aIncluye referencias bibliográficas y notas al pie de las páginas | ||
| 600 | 1 | 0 |
_aGómez, Máximo, _d1836-1905 _912249 |
| 830 | 0 |
_aFundación Rodríguez Demorizi _v23 _920539 |
|
| 910 | _aValidado. Control de calidad BNPHU. | ||
| 049 | _aBNPD | ||
| 999 |
_c20488 _d20488 |
||